| 000 | 00777nam a2200193Ia 4500 | ||
|---|---|---|---|
| 003 | 0 | ||
| 005 | 20250127124929.0 | ||
| 008 | 150126s9999 xx 000 0 und d | ||
| 050 |
_aPHS TK 1078 _b.H967 2014 |
||
| 100 | _aHurtado, Dean Albert San Miguel. | ||
| 245 | 2 |
_aA historical investigation on the pros and cons of the Bataan nuclear power plant project / _cDean Albert San Miguel Hurtado. |
|
| 260 |
_aLas PiƱas City, Philippines : _bSouthville International School and Colleges, _c2014. |
||
| 300 |
_a56 pages : _billustration ; _c28 cm. |
||
| 504 | _aIncludes bibliographical references. | ||
| 650 |
_aNuclear power plants _zPhilippines--Bataan. |
||
| 650 |
_aNuclear energy _vSocial aspects. |
||
| 650 |
_aNuclear energy _vEnvironmental aspects. |
||
| 942 |
_2lcc _cPASS |
||
| 999 |
_c278683 _d278683 |
||